| 000 | 01594nam a2200229Ia 4500 | ||
|---|---|---|---|
| 003 | Ost | ||
| 005 | 20260507075620.0 | ||
| 008 | 260507s9999||||xx |||||||||||||| ||und|| | ||
| 020 | _a9789931033738 | ||
| 040 | _cfsecg | ||
| 041 | _aara | ||
| 082 | _a336.014 | ||
| 100 |
_aمليكاوي، مولود _eمؤلف |
||
| 245 | 0 |
_aإستراتيجيات التمويل في المؤسسات الاقتصادية / _c مولود مليكاوي |
|
| 260 |
_aالجزائر: _bدار هومة, _c2019 |
||
| 300 |
_a263 صفحة؛ _bإيضاحات ؛ _c22 سم |
||
| 504 | _aمراجع ص.259 | ||
| 520 | _aتناول هذا الكتاب إستراتيجيات التمويل في المؤسسات الاقتصادية، حيث تحدث من خلال فصول دراسته عن الأسواق والمؤسسات المالية، والوظيفة المالية في المؤسسة الاقتصادية، بالاضافة الى التمويل والسياسات التمويلية ومصادرها قصيرة الأجل وطويلة الأجل، كذلك تحدث عن مصادر التمويل الذاتي و التمويل بالاستئجار، وعن طريق تحويل الفاتورة ، والتمويل عن طريق رأس المال المخاطر، وتكلفة رأس المال، بالاضافة الى العوامل المحددة للهيكل المالي، والرفع والقرار التمويلي، وأخيرا نظرات هيكل رأس المال الأمثل. | ||
| 653 | _aالتمويل | ||
| 653 | _aالمؤسسات الإقتصادية | ||
| 942 | _cكتاب | ||
| 999 |
_c45135 _d45135 |
||